| 000 | 00516nam a2200145Ia 4500 | ||
|---|---|---|---|
| 008 | 190228s9999 xx 000 0 und d | ||
| 020 | _a9781119349006 | ||
| 100 | _aStein, Steven J. | ||
| 245 |
_cSteven J. Stein.-- _aThe EQ leader : _binstilling passion, creating shared goals, and building meaningful organizations through emotional intellegence / |
||
| 260 |
_aUSA : _bMcGraw-Hill _c2017 |
||
| 300 | _axiii, 354 pages. | ||
| 500 | _aIncludes indexes. | ||
| 650 | _aEmotional intelligence. | ||
| 650 | _aLeadership. | ||
| 999 |
_c361321 _d361321 |
||